Largest City in Each South American Country - Statistics

General Stats
  • This quiz has been taken 16 times
    5 since last reset
  • The average score is 7 of 12
Answer Stats
Question Answer % Correct
What is the largest city in Argentina? Buenos Aires
100%
What is the largest city in Chile? Santiago
100%
What is the largest city in Colombia? Bogotá
67%
What is the largest city in Ecuador? Guayaquil
67%
What is the largest city in Uruguay? Montevideo
67%
What is the largest city in Brazil? São Paulo
67%
What is the largest city in Paraguay? Asunción
33%
What is the largest city in Venezuela? Caracas
33%
What is the largest city in Guyana? Georgetown
33%
What is the largest city in Peru? Lima
33%
What is the largest city in Suriname? Paramaribo
33%
What is the largest city in Bolivia? Santa Cruz
33%
No matching quizzes found
Score Distribution
Percent of People with Each Score
Percentile by Number Answered
Your Score History
You have not taken this quiz since the last reset